000 00877cam a22002651 4500
001 10744
003 BD-RjUL
005 20211208235017.0
008 140125s1965 nyua b 000 0 eng
035 _a(BD-RjUL)10793
040 _aDLC/ICU
_cICU
_dDLC
_dBD-RjUL
_beng
041 _aeng
082 0 0 _a548
_bJAS 1965
_223
100 1 _aJaswon, M. A.
_q(Maurice Aaron)
_933229
245 1 3 _aAn introduction to mathematical crystallography /
_cM.A. Jaswon.
260 _aNew York :
_bAmerican Elsevier Pub. Co.,
_cc1965.
300 _axi, 125 p. :
_billus. ;
_c23 cm.
490 1 _aMathematical physics series
504 _aBibliography: p. 124.
650 0 _aCrystallography, Mathematical.
_930813
740 0 _aMathematical crystallography.
830 0 _aMathematical physics series (American Elsevier Publishing Company)
_9213783
942 _2ddc
_cBK
999 _c10744
_d10744